|
|
|
|
| LEADER |
00000nam0a2200000 4500 |
| 001 |
266576 |
| 005 |
20231101234019.0 |
| 035 |
|
|
|a (RuTPU)RU\TPU\book\289596
|
| 090 |
|
|
|a 266576
|
| 100 |
|
|
|a 20140710d1986 k y0rusy50 ca
|
| 101 |
0 |
|
|a rus
|
| 102 |
|
|
|a RU
|
| 105 |
|
|
|a a z 001zy
|
| 200 |
1 |
|
|a Типовые модели долгосрочного прогнозирования динамики разведки и добычи нефти и газа
|f Всесоюзный научно-исследовательский институт геологии зарубежных стран (ВНИИЗарубежгеология) ; под ред. Н. А. Калинина
|
| 210 |
|
|
|a Москва
|c Недра
|d 1986
|
| 215 |
|
|
|a 333 с.
|c ил.
|
| 225 |
1 |
|
|a Труды Всесоюзного научно-исследовательского института геологии зарубежных стран
|v Вып. 44
|
| 320 |
|
|
|a Библиогр.: с. 335.
|
| 606 |
1 |
|
|a Нефтегазоносность
|x Прогноз
|2 stltpush
|3 (RuTPU)RU\TPU\subj\45617
|9 64810
|
| 606 |
1 |
|
|a Нефтегазовое производство
|2 stltpush
|3 (RuTPU)RU\TPU\subj\66932
|9 82904
|
| 610 |
1 |
|
|a прогнозирование
|
| 610 |
1 |
|
|a нефть
|
| 610 |
1 |
|
|a газ
|
| 610 |
1 |
|
|a разведка
|
| 610 |
1 |
|
|a добыча
|
| 610 |
1 |
|
|a динамика
|
| 610 |
1 |
|
|a типовые модели
|
| 675 |
|
|
|a 553.98.044
|v 3
|
| 675 |
|
|
|a 622.323
|v 3
|
| 702 |
|
1 |
|a Калинин
|b Н. А.
|4 340
|
| 712 |
0 |
2 |
|a Всесоюзный научно-исследовательский институт геологии зарубежных стран (ВНИИЗарубежгеология)
|c (Москва)
|c (1978-1993)
|2 stltpush
|3 (RuTPU)RU\TPU\col\11460
|
| 801 |
|
1 |
|a RU
|b 63413507
|c 20140710
|
| 801 |
|
2 |
|a RU
|b 63413507
|c 20150918
|g RCR
|
| 942 |
|
|
|c BK
|